| 000 | 00965nam0a2200289 4500 | ||
|---|---|---|---|
| 001 | RU\NLR\ONL1\4379 | ||
| 005 | 20250806202946.0 | ||
| 035 | _a(NLR Aleph) 009633131 | ||
| 090 |
_a40034 _c40034 |
||
| 100 | _a20041117d1945 u y0rusy50 ca | ||
| 101 | 0 | _achm | |
| 102 | _aRU | ||
| 105 | _ay ||||||||| | ||
| 200 | 1 |
_aЭлнет серыште _eНыл кыдежан комедий |
|
| 210 |
_aЙошкар-Ола _cМаргосиздат _d1945 |
||
| 215 |
_a62,[2] с. _d20 |
||
| 541 | 1 |
_aНа берегу Илети _zrus |
|
| 686 | 1 | _aШ6(2=Мар)7-6 | |
| 700 | 1 |
_aНиколаев _bС. Н. _cмар. писатель _f1908- _gСергей Николаевич _3RU\NLR\auth-onl\77116 _4070 |
|
| 801 | 0 |
_aRU _bNLR _c20041117 _gPSBO |
|
| 852 |
_aNLR _bОНЛ _jМар.л./2-1101 |
||
| 942 | _cBOOK | ||
| 945 | _aРоссийская национальная библиотека | ||
| 980 | _aNB | ||
| 980 | _aBV | ||